| 000 | 01024cab a2200289 4500 | ||
|---|---|---|---|
| 001 | ABS47540 | ||
| 008 | 090401t1992 xxu||||| |||| 00| 0 eng d | ||
| 035 | _a(Sirsi) u62438 | ||
| 041 | _aeng | ||
| 100 | _aRich, J. | ||
| 245 | _aValuation: over-rented property | ||
| 260 | _c1992 | ||
| 350 | _a0 | ||
| 490 |
_aEstates Gazette _v(9243) 31 October 1992, 104-105(2) |
||
| 520 | _aSuggests using the Estimated Rental Value (ERV) technique for valuing over-rented property. A scattergraph shows running yield plotted against the degree to which the building is overlet, for the sale of buildings in the City of London over the last eighteen months. (See also Abstracts 45653, 45993 and 46657). | ||
| 650 | _aESTIMATED RENTAL VALUE | ||
| 650 | _aGRAPHS | ||
| 650 | _aOVER-RENTED PROPERTY | ||
| 650 | _aRENT/YIELD DYNAMIC | ||
| 650 | _aRENTAL GROWTH | ||
| 650 | _aTOP SLICE METHOD | ||
| 650 | _aVALUATION METHODS | ||
| 650 | _aYIELDS | ||
| 690 | _aRATING AND VALUATION | ||
| 942 | _n0 | ||
| 948 | _c04/03/1997 | ||
| 999 |
_c38799 _d38799 |
||